000 003780000a22001570004500
003 LK-CoMWRAF
008 230817t ||||| |||| 00| 0 eng d
040 _aLK-CoMWRAF
_dLK-CoMWRAF
_eLK-CoMWRAF
041 _aeng
082 _a730
_bABE
245 _aFacets of Ethnicity in Sri Lanka
_b
260 _aColombo
_bSSA
_c1987
300 _ap.298
650 _aethnicity
942 _cBK
999 _c3046
_d3046